|
|
|
|
| LEADER |
00000nab a2200000 r4500 |
| 001 |
vtls012053663 |
| 003 |
SK-MaSNL |
| 005 |
20260303190715.0 |
| 008 |
210511c2020 xo |r|p||| |000 b|slo |
| 015 |
|
|
|a SNBRB2021/05
|
| 038 |
|
|
|a SPK
|
| 040 |
|
|
|a SPKCL
|b slo
|c rda
|e AACR2
|
| 041 |
0 |
|
|a slo
|
| 044 |
|
|
|a xo
|c SK
|
| 072 |
|
7 |
|a 811.162.4
|x Slovenčina
|2 konspekt
|
| 072 |
|
7 |
|a 37
|x Výchova a vzdelávanie
|2 konspekt
|
| 080 |
|
|
|a 811.162.4
|2 2011
|
| 080 |
|
|
|a 37.018.8
|2 2011
|
| 100 |
1 |
|
|a Klimovič, Martin,
|d 1978-
|4 aut
|9 190746
|
| 245 |
1 |
0 |
|a Vyučovanie slovenčiny včera, dnes a zajtra
|c Martin Klimovič
|
| 336 |
|
|
|a text
|b txt
|2 rdacontent
|
| 337 |
|
|
|a počítač
|b c
|2 rdamedia
|
| 338 |
|
|
|a online zdroj
|b cr
|2 rdacarrier
|
| 650 |
0 |
7 |
|a slovenčina
|2 SNKPH
|9 1350
|
| 650 |
0 |
7 |
|a vyučovanie
|2 SNKPH
|9 1522
|
| 655 |
|
7 |
|a recenzie
|2 snkbucl
|9 21907
|
| 773 |
0 |
|
|t O dieťati, jazyku a literatúre
|g Roč. 8, č. 2 (2020), s. 127-128
|x 1339-3200
|
| 787 |
0 |
8 |
|i Recenzia:
|a Ligoš, Milan
|t Vyučovanie slovenčiny ako materinského jazyka v minulosti, prítomnosti a budúcnosti
|d Bratislava : VEDA, 2019
|z 9788022417709
|w vtls11909867
|
| 852 |
|
|
|a SPK
|b KIS3GCP
|
| 856 |
4 |
1 |
|u https://www.ceeol.com/search/journal-detail?id=2449
|
| 999 |
|
|
|c 2137607
|d 2139537
|